000 00634cam a22001811 4500
001 8873537
005 20250131210018.0
008 750620s1957 nyua d 000 0 eng
050 0 0 _aRC81
_b.F527
082 _a616.02
100 1 _aFishbein, Morris,
_d1889-1976.
245 1 4 _aThe handy home medical adviser, and Concise medical encyclopedia;
_bcombining Good housekeeping's pocket medical encyclopedia and The handy home medical adviser.
260 _aGarden City, N.Y.,
_bDoubleday & Company
_c[1957]
300 _a394 p.
_billus.
_c22 cm.
650 0 _aMedicine, Popular.
650 0 _aMedicine
_vDictionaries.
942 _2lcc
_cBK
_n0
999 _c3340
_d3340